Gaming Quiz

Random Gaming or Video Games Quiz

Bed, Trident, Hay Bale or Lever? Quiz Stats

 Plays Quiz not verified by Sporcle

Support Sporcle.
Go Orange.
Score 0/20 Timer 02:00
0 Plays Today
% Correct
Bed
76.5%
Hay Bale
76.3%
Bed
75.4%
Hay Bale
74.3%
Hay Bale
72.8%
Trident
69.6%
Hay Bale
69.3%
Lever
69.1%
Trident
68.7%
Lever
68.1%
% Correct
Trident
67.9%
Bed
67.7%
Lever
67%
Trident
66.9%
Bed
63.7%
Lever
55.1%
Trident
52.8%
Hay Bale
51.5%
Bed
49.7%
Lever
34.7%

You're not logged in!

Compare scores with friends on all Sporcle quizzes.
OR
Log In

From the Vault

1 Border Countries

by Booger

Here is a clue for this one, Russia and China are not on the list.
Remove Ads.
Support Sporcle.
Get the best of Sporcle when you Go Orange. This ad-free experience offers more features, more stats, and more fun while also helping to support Sporcle. Thank you for becoming a member.

Show Comments

Extras

Top Quizzes Today


Score Distribution

Your Account Isn't Verified!

In order to create a playlist on Sporcle, you need to verify the email address you used during registration. Go to your Sporcle Settings to finish the process.

Report this User

Report this user for behavior that violates our Community Guidelines.

Details: